01171nam a22002057a 4500003001700000005001700017008004100034020001800075040000700093041001200100082001700112100001900129245002000148250000600168260002600174300003400200365006400234520064200298650002500940St Aloysius Coll20260305180519.0260227b |||||||| |||| 00| 0 eng d a9781292465357 cAL aEnglish a344.03bBRAS aAlison Brammer aSocial work law a6 aLondonbPearsonc2024 alviii, 611p.bPBc24.5x18.9cm 2Generala6279b₹3615.00c₹d₹4635.00e22%f23/02/2026 aDevelop and expand your skills for social work law using knowledge and practice Social Work Law, 6th Edition, by Alison Brammer is the market leading textbook for social work students and practitioners alike. It serves as a comprehensive, practical and accessible guide to the legal framework in the context of good social work practice for any student or social worker. It provides a good understanding of the relevant law and practice essential for social workers operating within tight legal processes, to discharge their powers properly. The author provides a balanced account of the law as applied to children, families, and adults. 2LawaSocial Services